[Event "Moscow op-A 15th"]
[Site "Moscow"]
[Date "2019.01.31"]
[Round "6"]
[White "Cherepashkin, Ivan"]
[Black "Merkushev, Dmitry"]
[Result "0-1"]
[WhiteElo "1509"]
[BlackElo "2107"]
[PlyCount "114"]
[EventDate "2019.01.26"]
[EventType "swiss"]
[EventRounds "9"]
[EventCountry "RUS"]
[SourceTitle "CBM 188 Extra"]
[Source "ChessBase"]
[SourceDate "2019.02.26"]
[SourceVersion "1"]
[SourceVersionDate "2019.02.26"]
[SourceQuality "1"]

1. d4 g6 2. Nf3 Bg7 3. c4 d6 4. g3 Nf6 5. Bg2 0-0 6. 0-0 Nbd7 7. a4 c6 8. e3 e5 9. dxe5 dxe5 10. Nc3 a5 11. Ra2 Re8 12. b3 Bf8 13. Rd2 Qb6 14. Ng5 Nc5 15. Nge4 Nfxe4 16. Nxe4 Nxe4 17. Bxe4 Bb4 18. Rd3 f5 19. Bg2 e4 20. Rd4 Bc3 21. Rd6 Be5 22. Rd2 Be6 23. Qc2 Rad8 24. Rfd1 Rxd2 25. Rxd2 Rd8 26. Bb2 Rxd2 27. Qxd2 Bxb2 28. Qxb2 Bxc4 29. Qe5 Bxb3 30. Qe8+ Kg7 31. Qe7+ Bf7 32. Qe5+ Kf8 33. Qd6+ Ke8 34. Qe5+ Kd7 35. Qg7 Qb3 36. Qd4+ Qd5 37. Qb6 Kc8 38. Bf1 g5 39. Kg2 Bh5 40. h3 Bf3+ 41. Kg1 h5 42. Qb2 Kb8 43. Qb1 Ka7 44. Qa1 h4 45. Qc3 hxg3 46. fxg3 Qd8 47. Kf2 f4 48. exf4 Qb6+ 49. Qe3 gxf4 50. Qxb6+ Kxb6 51. g4 Kc5 52. g5 Bh5 53. Be2 Bxe2 54. Kxe2 Kd6 55. h4 Ke6 56. h5 Kf5 57. g6 Kf6 0-1

[Event "Moscow op-A 15th"]
[Site "Moscow"]
[Date "2019.01.28"]
[Round "3"]
[White "Merkushev, Dmitry"]
[Black "Koryakov, Sergey"]
[Result "0-1"]
[WhiteElo "2107"]
[BlackElo "1924"]
[PlyCount "112"]
[EventDate "2019.01.26"]
[EventType "swiss"]
[EventRounds "9"]
[EventCountry "RUS"]
[SourceTitle "CBM 188 Extra"]
[Source "ChessBase"]
[SourceDate "2019.02.26"]
[SourceVersion "1"]
[SourceVersionDate "2019.02.26"]
[SourceQuality "1"]

1. e4 e5 2. Nf3 Nc6 3. Nc3 Nf6 4. d4 exd4 5. Nxd4 Bb4 6. Nxc6 bxc6 7. Bd3 0-0 8. 0-0 Re8 9. Re1 h6 10. a3 Bxc3 11. bxc3 d5 12. exd5 Rxe1+ 13. Qxe1 cxd5 14. Bf4 Be6 15. Qe5 c5 16. h3 c4 17. Be2 Nd7 18. Qd4 Qf6 19. Qxf6 Nxf6 20. Be5 Nd7 21. Bd4 Nb8 22. Rb1 Nc6 23. Rb7 Nxd4 24. cxd4 Kf8 25. Bf3 Ke8 26. a4 a6 27. a5 Rd8 28. Rb6 Bc8 29. Bg4 f5 30. Bh5+ Ke7 31. Rg6 Rg8 32. Rc6 Rd8 33. Rc7+ Kd6 34. Rxg7 Kc6 35. Rg6+ Kb5 36. Rxh6 Kb4 37. g4 Kc3 38. gxf5 Rf8 39. f6 Be6 40. f7 Bxf7 41. Bxf7 Rxf7 42. Rxa6 Kxc2 43. Rd6 Kd2 44. Rxd5 c3 45. Rc5 c2 46. Kg2 c1Q 47. Rxc1 Kxc1 48. Kg3 Kd2 49. Kg4 Kd3 50. Kg5 Kxd4 51. Kg6 Rxf2 52. h4 Ke5 53. h5 Ke6 54. a6 Rg2+ 55. Kh7 Kf7 56. h6 Ra2 0-1

[Event "Moscow op-A 15th"]
[Site "Moscow"]
[Date "2019.01.27"]
[Round "2"]
[White "Mustafayev, Farid Farman Oglu"]
[Black "Merkushev, Dmitry"]
[Result "1-0"]
[WhiteElo "2275"]
[BlackElo "2107"]
[PlyCount "83"]
[EventDate "2019.01.26"]
[EventType "swiss"]
[EventRounds "9"]
[EventCountry "RUS"]
[SourceTitle "CBM 188 Extra"]
[Source "ChessBase"]
[SourceDate "2019.02.26"]
[SourceVersion "1"]
[SourceVersionDate "2019.02.26"]
[SourceQuality "1"]

1. e4 g6 2. d4 Bg7 3. Nf3 d6 4. Bd3 Nf6 5. 0-0 0-0 6. Nbd2 Nbd7 7. b3 c5 8. Bb2 cxd4 9. Bxd4 Ne8 10. Bxg7 Nxg7 11. Re1 Ne6 12. Nf1 Nec5 13. Bc4 Nb6 14. Qd4 Nxc4 15. Qxc4 Be6 16. Qd4 Rc8 17. b4 Nd7 18. Qd2 Ne5 19. Nd4 Qb6 20. c3 Bd7 21. h4 Kg7 22. h5 h6 23. Ne3 Nc4 24. Nxc4 Rxc4 25. Re3 e5 26. Nb3 f5 27. Rd1 Rf6 28. Rd3 Be8 29. Rxd6 Rxd6 30. Qxd6 Qxd6 31. Rxd6 Rxe4 32. Nc5 Re1+ 33. Kh2 gxh5 34. Nxb7 Re2 35. Ra6 Rxf2 36. Nd6 Bg6 37. Rxa7+ Kf6 38. Ra6 Kg5 39. Nc4 e4 40. Ne5 Be8 41. Re6 Ba4 42. Kg3 1-0

[Event "Moscow op-A 13th"]
[Site "Moscow"]
[Date "2017.01.29"]
[Round "2"]
[White "Merkushev, Dmitry"]
[Black "Rozhkov, Viacheslav"]
[Result "0-1"]
[WhiteElo "2114"]
[BlackElo "2303"]
[PlyCount "88"]
[EventDate "2017.01.28"]
[EventType "swiss"]
[EventRounds "9"]
[EventCountry "RUS"]
[SourceTitle "EXT 2018"]
[Source "ChessBase"]
[SourceDate "2017.10.13"]
[SourceVersion "1"]
[SourceVersionDate "2017.10.13"]
[SourceQuality "1"]

1. Nf3 d5 2. d4 Nf6 3. Qd3 a6 4. Nc3 c5 5. dxc5 Nc6 6. Bg5 d4 7. Bxf6 gxf6 8. Ne4 f5 9. Neg5 h6 10. Nh3 e5 11. e4 Qa5+ 12. Qd2 Qxc5 13. Bd3 fxe4 14. Bxe4 Be6 15. c3 Rd8 16. 0-0 Rg8 17. Kh1 Bd5 18. Qe2 Bc4 19. Bd3 Bxd3 20. Qxd3 dxc3 21. Qxc3 Qxc3 22. bxc3 f6 23. Rfd1 Bc5 24. Rxd8+ Kxd8 25. Nd2 Rg4 26. a4 Kc7 27. f3 Rg8 28. Ne4 Be7 29. Rd1 Rd8 30. Rxd8 Nxd8 31. Ng3 Kb6 32. Nf5 Bf8 33. Nf2 Ka5 34. Ne4 Kxa4 35. Nxf6 Kb3 36. Nd7 a5 37. Nxf8 a4 38. Nd7 a3 39. Nc5+ Kc4 40. Ne3+ Kxc5 41. g4 a2 42. Nc2 Kc4 43. h4 Kxc3 44. Na1 Kb2 0-1

[Event "Moscow op-A"]
[Site "Moscow"]
[Date "2016.02.03"]
[Round "5"]
[White "Merkushev, Dmitry"]
[Black "Salman, Pavel"]
[Result "1-0"]
[WhiteElo "2107"]
[BlackElo "2185"]
[PlyCount "97"]
[EventDate "2016.01.30"]
[EventType "swiss"]
[EventRounds "9"]
[EventCountry "RUS"]
[SourceTitle "CBM 170 Extra"]
[Source "ChessBase"]
[SourceDate "2016.02.25"]
[SourceVersion "1"]
[SourceVersionDate "2016.02.25"]
[SourceQuality "1"]

1. Nf3 c5 2. c4 Nf6 3. e3 g6 4. Be2 Bg7 5. 0-0 0-0 6. Nc3 Nc6 7. d4 cxd4 8. exd4 d5 9. Re1 Bf5 10. a3 Rc8 11. c5 Ne4 12. Bf4 h6 13. Bb5 g5 14. Bxc6 bxc6 15. Be5 f6 16. Bg3 Nxg3 17. hxg3 Bg4 18. Qa4 Bxf3 19. gxf3 Qd7 20. Kg2 e5 21. Rad1 Qf7 22. Qc2 exd4 23. Ne2 f5 24. Nxd4 Bxd4 25. Rxd4 Rce8 26. Rdd1 g4 27. Qa4 gxf3+ 28. Kxf3 f4 29. g4 Re3+ 30. Kg2 Qe6 31. Kf1 Re4 32. Rxe4 dxe4 33. Rd6 Qxg4 34. Qxe4 Qh3+ 35. Ke1 Qf5 36. Qxf5 Rxf5 37. Rxc6 f3 38. b4 h5 39. Rd6 Re5+ 40. Kf1 Re4 41. Rd3 Rf4 42. Rc3 h4 43. c6 Rf8 44. c7 Rc8 45. Kg1 Kf7 46. Rxf3+ Ke6 47. Rc3 Kd7 48. Kh2 h3 49. f4 1-0

[Event "Moscow op-A"]
[Site "Moscow"]
[Date "2016.01.30"]
[Round "1"]
[White "Merkushev, Dmitry"]
[Black "Alikulov, Elbek"]
[Result "0-1"]
[WhiteElo "2107"]
[BlackElo "2365"]
[PlyCount "106"]
[EventDate "2016.01.30"]
[EventType "swiss"]
[EventRounds "9"]
[EventCountry "RUS"]
[SourceTitle "CBM 170 Extra"]
[Source "ChessBase"]
[SourceDate "2016.02.25"]
[SourceVersion "1"]
[SourceVersionDate "2016.02.25"]
[SourceQuality "1"]

1. Nf3 g6 2. g3 Bg7 3. Bg2 c5 4. c4 Nc6 5. 0-0 d6 6. Nc3 e5 7. d3 Nge7 8. Re1 h6 9. Nd2 Be6 10. Nf1 Qd7 11. Ne3 f5 12. Ned5 g5 13. Qa4 Rc8 14. Nxe7 Qxe7 15. Nd5 Qd7 16. Rb1 b6 17. a3 0-0 18. b4 f4 19. Nc3 g4 20. Bd5 Rf7 21. Bxc6 Rxc6 22. Bd2 Bf8 23. Nd5 f3 24. e4 Bg7 25. Qd1 Rc8 26. a4 Qd8 27. Qc1 Kh7 28. a5 b5 29. bxc5 bxc4 30. dxc4 Rxc5 31. Rb5 Qc8 32. Rxc5 Qxc5 33. Bb4 Qc6 34. Qc3 Rb7 35. Rc1 Bf8 36. Qa3 Rb8 37. Qe3 Rb7 38. Bd2 Kg6 39. Qd3 Qa4 40. Ne3 Rb3 41. Qc2 Ra3 42. Qxa4 Rxa4 43. Nd5 Bxd5 44. exd5 h5 45. h3 a6 46. hxg4 hxg4 47. Rb1 Rxc4 48. Rb6 Rd4 49. Be3 Rxd5 50. Rxa6 Bh6 51. Bb6 e4 52. Ra8 Rd1+ 53. Kh2 e3 0-1

[Event "Nezhmetdinov Memorial 36th"]
[Site "Kazan"]
[Date "2014.06.08"]
[Round "9"]
[White "Merkushev, Dmitry"]
[Black "Gorozhanin, Mikhail"]
[Result "0-1"]
[WhiteElo "2105"]
[BlackElo "2299"]
[PlyCount "76"]
[EventDate "2014.05.31"]
[EventType "swiss"]
[EventRounds "9"]
[EventCountry "RUS"]
[SourceTitle "CBM 160 Extra"]
[Source "ChessBase"]
[SourceDate "2014.07.01"]
[SourceVersion "1"]
[SourceVersionDate "2014.07.01"]
[SourceQuality "1"]

1. Nf3 Nf6 2. g3 g6 3. Bg2 Bg7 4. c4 0-0 5. 0-0 d5 6. cxd5 Nxd5 7. Nc3 c5 8. Nxd5 Qxd5 9. d3 Nc6 10. Nd2 Qd7 11. Nc4 b6 12. Bd2 Bb7 13. Bc3 e5 14. a4 Rab8 15. Qb3 Ba8 16. Bxc6 Qxc6 17. f3 Qe6 18. Qc2 h5 19. Qd2 a6 20. Ne3 Bh6 21. Qc1 b5 22. axb5 axb5 23. Bd2 Rfc8 24. Nc2 Bg7 25. Bh6 Bh8 26. Qe3 Qb3 27. Qd2 Rc7 28. Ra3 Qxb2 29. Rfa1 Bd5 30. Qa5 Rcc8 31. Ne3 Be6 32. Kf2 Qd4 33. Qd2 c4 34. Kg2 c3 35. Qd1 b4 36. Nc2 Qd8 37. Ra7 b3 38. Ne3 c2 0-1

[Event "Nezhmetdinov Memorial 36th"]
[Site "Kazan"]
[Date "2014.06.05"]
[Round "6"]
[White "Vastrukhin, Oleg"]
[Black "Merkushev, Dmitry"]
[Result "1/2-1/2"]
[WhiteElo "2401"]
[BlackElo "2105"]
[PlyCount "135"]
[EventDate "2014.05.31"]
[EventType "swiss"]
[EventRounds "9"]
[EventCountry "RUS"]
[SourceTitle "CBM 160 Extra"]
[Source "ChessBase"]
[SourceDate "2014.07.01"]
[SourceVersion "1"]
[SourceVersionDate "2014.07.01"]
[SourceQuality "1"]

1. e4 d5 2. d3 dxe4 3. dxe4 Qxd1+ 4. Kxd1 e5 5. Be3 Be6 6. Nd2 Nd7 7. Bc4 Bxc4 8. Nxc4 f6 9. c3 Bc5 10. Kc2 Ne7 11. Ne2 0-0-0 12. f3 Bxe3 13. Nxe3 Nc5 14. Rad1 c6 15. h4 Rxd1 16. Rxd1 Rd8 17. Rg1 Ne6 18. Nf5 Rd7 19. b4 Nxf5 20. exf5 Nd8 21. Ng3 g6 22. Rh1 gxf5 23. Nxf5 Ne6 24. a3 Nc7 25. Re1 Nd5 26. Re4 Ne7 27. Nxe7+ Rxe7 28. f4 h5 29. Kd3 Kd7 30. fxe5 fxe5 31. g4 Ke6 32. gxh5 Rh7 33. Rg4 Rxh5 34. Rg7 b5 35. Rxa7 Rxh4 36. a4 Rh3+ 37. Kc2 bxa4 38. Rxa4 e4 39. Ra8 Rh2+ 40. Kb3 Ke5 41. Re8+ Kf4 42. Re6 e3 43. Kc4 Kf3 44. Rf6+ Ke2 45. Rxc6 Rh4+ 46. Kb3 Kd1 47. Rd6+ Kc1 48. Re6 Kd2 49. b5 e2 50. b6 Rh6 51. Rxh6 e1Q 52. Rd6+ Kc1 53. b7 Qe4 54. Rd7 Qf5 55. Kc4 Qe6+ 56. Kc5 Qxd7 57. b8Q Qf5+ 58. Kd4 Qg4+ 59. Kd5 Qf5+ 60. Kc4 Qg4+ 61. Kc5 Qf5+ 62. Kd4 Qg4+ 63. Ke3 Qh3+ 64. Kd4 Qg4+ 65. Kd5 Qf3+ 66. Kc4 Qe4+ 67. Kc5 Qf5+ 68. Kb6 1/2-1/2

[Event "Nezhmetdinov Memorial 34th"]
[Site "Kazan"]
[Date "2012.09.30"]
[Round "5.26"]
[White "Merkushev, Dmitry"]
[Black "Rumiantseva, Ksenia"]
[Result "1-0"]
[WhiteElo "2130"]
[BlackElo "1913"]
[PlyCount "45"]
[EventDate "2012.09.25"]
[EventType "swiss"]
[EventRounds "9"]
[EventCountry "RUS"]
[SourceTitle "EXT 2022"]
[Source "ChessBase"]
[SourceDate "2021.10.06"]
[SourceVersion "1"]
[SourceVersionDate "2021.10.06"]
[SourceQuality "1"]

1. d4 d5 2. Bf4 Nf6 3. e3 e6 4. Nf3 Bd6 5. Bd3 Bxf4 6. exf4 Qd6 7. Qc1 0-0 8. 0-0 c5 9. c3 Nc6 10. Ne5 cxd4 11. Nxc6 Qxc6 12. cxd4 Qb6 13. Rd1 Kh8 14. Nc3 Qxd4 15. Bxh7 Qb6 16. Bb1 Bd7 17. Rd3 g6 18. f5 Ng4 19. Qf4 Qxb2 20. Qxg4 Qxa1 21. Qh4+ Kg7 22. f6+ Kg8 23. Qh6 1-0